000 00591nam a2200229Ia 4500
003 OSt
005 20220924132227.0
006 a|||||r|||| 00| 0
007 ta
008 220923b |||||||| |||| 00| 0 san d
024 _a37929
037 _cTextual
040 _aARTS
_cARTS
_bsan
041 _2san
_asan
082 _aO15:6xD6:1, J9 (TPS)
100 _aBanabhatta
_961105
245 0 _aKadambari tr by Ramteja Sastri
260 _c1959
650 _aENGLISH LITERATURE
942 _hO15:6xD6:1, J9 (TPS)
_cTEXL
_2CC
999 _c429658
_d429658